| 000 | 01180nam a22003617a 4500 | ||
|---|---|---|---|
| 001 | 200461113 | ||
| 003 | TR-AnTOB | ||
| 005 | 20240614105406.0 | ||
| 008 | 240614b tu ||||| |||| 00| 0 tur d | ||
| 020 | _a97897562270804 | ||
| 040 |
_aTR-AnTOB _beng _cTR-AnTOB _erda |
||
| 041 | _atur | ||
| 092 |
_a808.0683 _bSAY 2023 |
||
| 099 | _a2011 AD 20299 | ||
| 100 | 1 |
_aSayın, Betül, _d1958- _4Author. |
|
| 245 | 1 | 0 |
_a5 çocuk 5 İstanbul / _cBetül Sayın. |
| 250 | _a32. bs. | ||
| 260 |
_aİstanbul : _bGünışığı Kitaplığı, _c2023. |
||
| 300 |
_a31 Pages. : _bill. ; _c23 cm. |
||
| 336 |
_atext _btxt _2rdacontent |
||
| 337 |
_aunmediated _bn _2rdamedia |
||
| 338 |
_avolume _bnc _2rdacarrier |
||
| 500 | _aEserde, yazarın kısa biyografisi vardır | ||
| 505 | 2 | _aİçindekiler: Turuncu saçlı Mert - Kırmızı fesli Hamdi - Mor aynalı Helen - Mavi para keseli Milya - Kemik tokalı kız | |
| 650 | 4 | _aÇocuk hikâyeleri, Türk | |
| 740 | 0 | 2 | _aTuruncu saçlı Mert |
| 740 | 0 | 2 | _aKırmızı fesli Hamdi |
| 740 | 0 | 2 | _aMor aynalı Helen |
| 740 | 0 | 2 | _aKemik tokalı kız |
| 942 |
_2ddc _cBK |
||
| 999 |
_c200461113 _d79325 |
||